Mahaprasthanam/ (Record no. 26760)

000 -LEADER
fixed length control field 00420nam a22001451a 4500
082 ## - DEWEY DECIMAL CLASSIFICATION NUMBER
Classification number M3
Item number KUN/M
100 ## - MAIN ENTRY--PERSONAL NAME
Personal name Madampu Kunjukkuttan
9 (RLIN) 106725
245 ## - TITLE STATEMENT
Title Mahaprasthanam/
Statement of responsibility, etc. by Madampu Kunjukkuttan
260 ## - PUBLICATION, DISTRIBUTION, ETC.
Place of publication, distribution, etc. Kottayam:
Name of publisher, distributor, etc. Sahitya Pravartaka Co-operative Society,
Date of publication, distribution, etc. 1987.
300 ## - PHYSICAL DESCRIPTION
Extent 252p.
650 ## - SUBJECT ADDED ENTRY--TOPICAL TERM
Topical term or geographic name entry element Novel Malayalam
9 (RLIN) 106726
650 ## - SUBJECT ADDED ENTRY--TOPICAL TERM
Topical term or geographic name entry element Literature Malayalam
9 (RLIN) 106727
650 ## - SUBJECT ADDED ENTRY--TOPICAL TERM
Topical term or geographic name entry element Literature
9 (RLIN) 106728
942 ## - ADDED ENTRY ELEMENTS (KOHA)
Koha item type Book
Holdings
Withdrawn status Lost status Damaged status Not for loan Permanent Location Current Location Date acquired Cost, normal purchase price Total Checkouts Full call number Barcode Date last seen Cost, replacement price Price effective from Koha item type
        Sree Sankaracharya University of Sanskrit Sree Sankaracharya University of Sanskrit 08.01.2015 25.50   M3 KUN/M 001656 08.01.2015 0.00 08.01.2015 Book